<?xml version="1.0" encoding="UTF-8"?>
<record
    xmlns:xsi="http://www.w3.org/2001/XMLSchema-instance"
    xsi:schemaLocation="http://www.loc.gov/MARC21/slim http://www.loc.gov/standards/marcxml/schema/MARC21slim.xsd"
    xmlns="http://www.loc.gov/MARC21/slim">

  <leader>00472    a2200121   4500</leader>
  <controlfield tag="001">ART_34372</controlfield>
  <controlfield tag="005">20260410162004.0</controlfield>
  <controlfield tag="008">260409a                                 </controlfield>
  <datafield tag="245" ind1="1" ind2="0">
    <subfield code="a">Estimaci&#xF3;n de la valoraci&#xF3;n subjetiva de los ahorros de tiempo de viaje y espera en la ciudad de C&#xF3;rdoba, Argentina</subfield>
  </datafield>
  <datafield tag="100" ind1="1" ind2=" ">
    <subfield code="a">Pompilio Sartori, Juan Jos&#xE9;</subfield>
  </datafield>
  <datafield tag="700" ind1="1" ind2=" ">
    <subfield code="a">Oviedo, Jorge Mauricio</subfield>
  </datafield>
  <datafield tag="773" ind1="0" ind2=" ">
    <subfield code="t">Revista de econom&#xED;a y estad&#xED;stica</subfield>
    <subfield code="g">- Vol. XLIX, N&#xBA; 2 (dic. 2011)</subfield>
    <subfield code="w">REV34359</subfield>
  </datafield>
  <datafield tag="999" ind1=" " ind2=" ">
    <subfield code="c">31594</subfield>
    <subfield code="d">31594</subfield>
  </datafield>
</record>
